000 00884nam a2200265 i 4500
001 185699
003 SpMaBN
005 20260227184442.0
008 160803s1995 sp |||| |dspa d
020 _a84-350-9130-9
080 _a821.134.2-84"15"
100 1 _aCervantes Saavedra, Miguel de,
_d1547-1616
_9226514
245 1 0 _aFlor de aforismos peregrinos /
_cMiguel de Cervantes ; edición de Aldo Ruffinatto.
250 _a1ª ed.
260 _aBarcelona :
_bEdhasa,
_c1995.
300 _a237 p. ;
_c19 cm.
490 1 _aAforismos ;
_v6
500 _aÍndice.
504 _aBibliografía: p. 205-209.
600 1 7 _aCervantes Saavedra, Miguel de,
_d1547-1616-
_vCitas
_2
_9162991
700 1 _aRuffinatto, Aldo,
_d1940-
_9160307
830 0 _aAforismos ;
_v6
_9180594
852 _aES-MaACL
_jL-30498
_z- enc. cart.
_z. - Donat. Miguel A. Velasco
999 _c185699
_d185699